Govt. of
Madhya Pradesh

The Healing Power of Essential Oils (Record no. 1000)

MARC details
000 -LEADER
fixed length control field 005080000a22001930004500
001 - CONTROL NUMBER
control field 001004
003 - CONTROL NUMBER IDENTIFIER
control field MACL
005 - DATE AND TIME OF LATEST TRANSACTION
control field 20150712145403.0
008 - FIXED-LENGTH DATA ELEMENTS--GENERAL INFORMATION
fixed length control field 150712b xxu||||| |||| 00| 0 eng d
040 ## - CATALOGING SOURCE
Original cataloging agency MACL
Transcribing agency MACL
041 ## - LANGUAGE CODE
Language code of text/sound track or separate title English
082 ## - DEWEY DECIMAL CLASSIFICATION NUMBER
Classification number 320.0954/CHA
100 ## - MAIN ENTRY--PERSONAL NAME
Personal name Balz, Rodolphe
9 (RLIN) 1923
245 ## - TITLE STATEMENT
Title The Healing Power of Essential Oils
Statement of responsibility, etc. Rodolphe Balz
260 ## - PUBLICATION, DISTRIBUTION, ETC. (IMPRINT)
Place of publication, distribution, etc. New Delhi
Date of publication, distribution, etc. 1999
Name of publisher, distributor, etc. Motilal Banarasidas Publishers,
350 ## - PRICE (NR) (BK AM CF MU VM SE) [OBSOLETE]
Price 195
650 ## - SUBJECT ADDED ENTRY--TOPICAL TERM
Topical term or geographic name as entry element Medical Sciences
9 (RLIN) 1924
942 ## - ADDED ENTRY ELEMENTS (KOHA)
Call number prefix 610
Koha item type Books
Source of classification or shelving scheme
Holdings
Withdrawn status Lost status Source of classification or shelving scheme Damaged status Not for loan Home library Current library Date acquired Cost, normal purchase price Total Checkouts Full call number Barcode Date last seen Uniform Resource Identifier Price effective from Koha item type
          MACL MACL 15/04/2015 195.00   320.0954/CHA CRE013187 02/05/2024 1003 15/04/2015 Books